000 01446nam a22002297a 4500
999 _c64099
_d64099
003 Ge_BSU
005 20260331165332.0
008 260330s2025 ge ||||| |||| 00| 0 geo d
020 _a9789941347559
041 _ageo
080 _a341.231.14(075.8) ა-26
245 _aადამიანის ძირითადი უფლებები და თავისუფლებები :
_bსახელმძღვანელო /
_cრედ. ნ. ჭიღლაძე, გ. ალავერდაშვილი, თ. გოგისვანიძე, ნ. დოლუაშვილი
264 _aთბილისი :
_bმერიდიანი,
_c2025.
300 _a854 გვ.;
_b24 სმ.
500 _aსახელმძღვანელო ეძღვნრბა საქართველოს კონსტიტუციის 30 წლის იუბილეს
653 _aადამიანის ძირითადი უფლებები
700 _aჭიღლაძე, ნანა
_eრედაქტორი
_99364
700 _aალავერდაშვილი, გიორგი
_eრედაქტორი
_94493
700 _aგოგისვანიძე, თორნიკე
_eრედაქტორი
_927246
700 _aდოლუაშვილი, ნინო
_eრედაქტორი
_927247
942 _2udc
_cᲬᲘᲒᲜᲘ